| 000 | 00869nam a2200193Ia 4500 | ||
|---|---|---|---|
| 001 | 10354 | ||
| 003 | GE_BSU | ||
| 008 | 181216s||||||||xx |||||||||||||| ||und|| | ||
| 040 | _cGE_BSU | ||
| 080 | _a821.353.1–32 | ||
| 245 | _aქართული მოთხრობა XIX-XX საუკუნეები.ტ.1 | ||
| 245 | _cსარედ.კოლ.კ.ლორთქიფანიძე და სხვ.გ.ნატროშვილის წინასიტყვ.რედ.–შემდგ.ა.გაბესკირია.მ.ლებანიძე.მხატვ.ლ.გრიგოლია | ||
| 260 | _aთბილისი | ||
| 260 | _bლიტერატურა და ხელოვნება | ||
| 260 | _c1963 | ||
| 300 | _a603გვ.26სმ. | ||
| 653 | _aქართული მოთხრობა | ||
| 942 | _cBK | ||
| 999 |
_c43619 _d43619 |
||